000 00590cam a22002411 4500
001 sa 68005321
003 DLC
005 20260227112507.0
008 890814s1966 xx 000 0 tam
010 _asa 68005321
035 _a(OCoLC)23577303
040 _aDLC
_cMiU
_dDLC
050 0 0 _aP121
_b.V35 1966
100 1 _aVaratarācan̲, Mu.,
_d1912-1974.
245 1 0 _aMoli varalāru.
250 _a[3d ed.]
260 _c1966.
300 _axvi, 437 p.
_c19 cm.
490 0 _a#
500 _aIn Tamil.
504 _aBibliography: p. [vii]-x.
650 0 _aLanguage and languages
999 _c80653
_d80653